| 000 | 00846nas a2200265 4500 | ||
|---|---|---|---|
| 001 | BR8802854 | ||
| 003 | BR-BrBNA | ||
| 005 | 20231205091139.0 | ||
| 007 | ta | ||
| 008 | 230509b bl.|||p| |||| 00| 00por d | ||
| 040 |
_aBR-BrBNA _bpor _cBiblioteca Nacional de Agricultura |
||
| 041 | _a(Pt) | ||
| 072 | _aL73 | ||
| 100 | 1 | _aArita, G.M.M. | |
| 100 | 1 | _aDeak, J.G. | |
| 100 | 1 | _aMoura, F. de S. | |
| 100 | 1 | _aSilva, F.A.S. da | |
| 245 | 1 | _aIsolamento e identificacao do virus da estomatite vesicular em bovinos do estado do Ceara | |
| 246 | 1 | _aIsolation and identification of vesicular stomatitis virus of cattle from Ceara | |
| 650 | _aBOVINO | ||
| 650 | _aESTOMATITE | ||
| 773 | 0 |
_tBiologico (Brazil) _xISSN 0366-0567 _g(Sep 1985), v. 51(9) p. 257-259 _wBR8802854 |
|
| 909 |
_a202311 _bLúcia _c55 _dLúcia Elande |
||
| 942 |
_2AGRIS _n0 _cANA |
||
| 999 |
_c123121 _d123121 |
||